Statistiques concernant Trouvez la série TV #1

Cliquez ici pour prendre le quiz!

Statistiques générales

  • Ce quiz a été pris 422 fois
  • Le résultat moyen est 13 sur 20

Statistiques - réponses

IndicesSérie% Correct
Braquage / Espagne / MasquesLa Casa de Papel
91%
Camping-car / Chimie / LaboratoireBreaking Bad
89%
Dragons / Hiver / ChevaliersGame of Thrones
88%
Evasion / Génie / TatouagesPrison Break
87%
Rôdeurs / Shérif / ApocalypseThe Walking Dead
81%
Angleterre / Gangsters / CigarettesPeaky Blinders
80%
Suicide / Cassettes / Lycée13 Reasons Why
73%
Drogue / Colombie / CartelNarcos
73%
Guerriers / Exploration / NordiqueVikings
73%
Île / Avion / SurvivantsLost
69%
Hôpital / Sarcasme / CanneDr House
67%
Justicier / Arc / VertArrow
66%
Jeu / Argent / AsieSquid Game
57%
Seattle / Derek / RomancesGrey's Anatomy
56%
Meurtrier / Miami / Sac poubelleDexter
50%
Politique / Manipulateur / WashingtonHouse of Cards
41%
Extraterrestres / FBI / ComplotX-Files
41%
Technologie / Anticipation / DrameBlack Mirror
31%
Psychiatre / Cannibalisme / TueurHannibal
27%
Arène / Esclave / AntiquitéSpartacus
19%

Distribution des résultats

Percentile par nombre de réponses

% des personnes avec chaque résultat

Votre développement - résultats

Vous n’avez pas pris ce quiz